Tennis: most losses in slam finals (men) - Statistics

General Stats
  • This quiz has been taken 170 times
    73 since last reset
  • The average score is 8 of 10
Answer Stats
Number of losses Player % Correct
14 Novak Djokovic
100%
8 Rafael Nadal
100%
11 Roger Federer
100%
8 Andy Murray
96%
7 Andre Agassi
91%
7 Jimmy Connors
82%
5 Bjorn Borg
78%
11 Ivan Lendl
76%
5 Daniil Medvedev
56%
5 Stefan Edberg
51%
No matching quizzes found
Score Distribution
Percent of People with Each Score
Percentile by Number Answered
Your Score History
You have not taken this quiz since the last reset